000 00614nam a22001457a 4500
999 _c58850
_d58850
003 Ge_BSU
005 20221007160531.0
008 221007s1987 ge ||||| |||| 00| 0 geo d
041 _ageo
080 _a1(038) ფ-54
245 _aფილოსოფიური ლექსიკონი /
_c[ადო ა.ვ., ანიკეევი ნ.პ., ანტიპინა გ.ს. და სხვ. ; მთარგმნ.: კ. გოქსაძე და სხვ.].
264 _aთბ. :
_bსაბჭ. საქართველო,
_c1987.
300 _a727გვ. ;
_b21სმ.
942 _2udc
_cBK